Worst Teams at the FIFA World Cup A - Z - Statistics

General Stats
  • This quiz has been taken 61 times
  • The average score is 13 of 22
Answer Stats
Letter Stage Answer % Correct
D Quarter Finals Denmark
80%
F Winners France
80%
Q Group Stage Qatar
80%
J Round 1/Qualified Jamaica/Jordan
75%
H Round 1 Haiti/Honduras
73%
Y Fourth Place Yugoslavia
71%
I Round 1 Iceland/Iran/Iraq/Israel/Ivory Coast
69%
T Round 1 Togo/Trinidad and Tobago/Tunisia
65%
Z Round 1 Zaire
65%
R Quarter Finals Romania/Russia
61%
U Round 1/Qualified United Arab Emirates/Uzbekistan
61%
W Quarter Finals Wales
59%
C Round 1 Canada/China
57%
A Round 1 Angola
53%
S Round 1 Scotland/Slovenia/South Africa
47%
B Round 1 Bolivia/Bosnia and Herzegovina
43%
E Round 1 El Salvador
43%
K Round 1 Kuwait
43%
G Round 2 Greece
41%
M Quarter Finals Mexico
39%
N Round 1 New Zealand
35%
P Round 1 Panama
35%
No matching quizzes found
Score Distribution
Percent of People with Each Score
Percentile by Number Answered
Your Score History
You have not taken this quiz